| 000 | 00388nam a2200157Ia 4500 | ||
|---|---|---|---|
| 008 | 210716s1991 xx 000 0 und d | ||
| 020 | _a876925794 | ||
| 041 | _aeng | ||
| 082 | _a005.133 TONC | ||
| 100 | _aTondo, Clovis L; Gimpel, Scott E. | ||
| 245 | _aC answer book. | ||
| 250 | _a2 | ||
| 260 |
_aNew Delhi _bPHI Learning Pvt Ltd _c1991 |
||
| 300 | _a208 | ||
| 650 | _aC Programming | ||
| 999 |
_c181948 _d181948 |
||